Normal view
MARC view
Entry Topical Term
001 - CONTROL NUMBER
- control field: 30392
003 - CONTROL NUMBER IDENTIFIER
- control field: dpl
005 - DATE AND TIME OF LATEST TRANSACTION
- control field: 20110728170654.0
008 - FIXED-LENGTH DATA ELEMENTS
- fixed length control field: 110728|||a|||||| | ||| d
040 ## - CATALOGING SOURCE
- Original cataloging agency: dpl
- Transcribing agency: dpl
150 ## - HEADING--TOPICAL TERM
- Topical term or geographic name as entry element: Probabilities
- Form subdivision: Problems, exercises, etc.
670 ## - SOURCE DATA FOUND
- Source citation: Work cat.: (dpl)35249: Spiegel, Murray R. 30389, Probability and statistics /, 2010
670 ## - SOURCE DATA FOUND
- Source citation: Work cat.: (dpl)35249: Spiegel, Murray R. 30389, Probability and statistics /, 2010
